000 004700000a22001570004500
003 MACL
005 20170818124503.0
008 170818b xxu||||| |||| 00| 0 eng d
040 _cmacl
100 _aविक्रम ,नंद किशोर
_957851
245 _aयादों के खंडहर
260 _aसुधा बुक मार्ट
_c2010
350 _a175
650 _aउपन्‍यास
_968703
942 _cHIN
_k891.433/VIK
_2ddc
999 _c46238
_d46238